000 00488nab a2200145Ia 4500
003 ES-SlBCS
005 20210601145323.0
008 140529s1972 xxu||||| |||| 00| 0 spa d
041 _aspa
100 1 _aStarr, B. James
_9310710
245 0 0 _aGeneración de algoritmos en las ciencias de la conducta
_c B. James Starr
650 0 4 _aCiencias de la Conducta
_9220344
773 0 _tRevista de Psicologia General y Aplicada
_gvol. 27, nº. 114-115, 1972, págs. 131-135
_wRev1347
942 _cAR
999 _c722813
_d722813